00309nam a2200121Ia 4500008004100000041000800041082001600049100001400065245003000079260004100109300003000150365000700180240624s9999 xx 000 0 und d aeng a658.314 FOY aFOY NANCY aEMPOWERIGN PEOPLE AT WORK c1996aMumbaibJaico Publishing House axx, : 268 : p. : cm. ; 24 cRS